Contexto socioeconomico y estrategias de reproducción de los campesinos en Guatemala /

Gespeichert in:
Bibliographische Detailangaben
1. Verfasser: Ordoñez M, César E
Format: Text
Schlagworte:
Tags: Tag hinzufügen
Keine Tags, Fügen Sie den ersten Tag hinzu!

MARC

LEADER 00000 a a2200000 04500
001 45496
003
040
090 |a REV0780 (38)2000  
100 |a Ordoñez M, César E  
245 |a Contexto socioeconomico y estrategias de reproducción de los campesinos en Guatemala /  |c César E. Ordoñez M  
650 |a CAMPESINADO  
650 |a ASPECTOS SOCIALES  
650 |a ASPECTOS ECONOMICOS  
650 |a ESTRATEGIAS DE SOBREVIVENCIA  
650 |a SECTOR AGROPECUARIO  
773 |g número38, V Epoca (2000), páginas 101-119  
999 |c 28475  |d 28475